00860nam a2200229 a 450000100100000000500170001000800410002702000150006804000250008308200190010810000270012724000220015424501240017626000470030030000280034765000190037570000340039470000310042891000370045995201170049699900170061300004004220201002033901.0130805s1991 sp a 000 0 spa d a842263743X aDO-SdBNPbspacBNPHU a291.215bG591a1 aGodwin, Malcolm96628810aAngelslespañol10aÁngeles :buna especie en peligro de extinción /cMalcolm Godwin ; traducción de Carme Geronés y Carles Urritz. aBarcelona :bCírculo de lectores,c1991. a255 p. :bil. ;c25 cm. 4aAngeles95083612aGeronés, Carme,etr.95023112aUrritz, Carlesetr.950232 aValidado. Control de calidad MFF 001050718MOaGRbGRcHDd2013-08-05iLF1l0o291.215 G591ap40042-10r2020-06-25w2020-06-25y1ZNo se presta c39532d39532